Reconceptualizing international investment law from the global south (Registro nro. 310990)

Detalles MARC
000 -ENCABEZADO
Número de control [NR] 00889cam a22002298i 4500
005 - FECHA Y HORA DE LA ÚLTIMA TRANSACCIÓN
control field 20181122140533.0
008 - DE LONGITUD FIJA DE DATOS DE ELEMENTOS - INFORMACIÓN GENERAL
Elementos de longitud fija [NR] 170913s2017 nyu b 001 0 eng
020 ## - NUMERO INTERNACIONAL NORMALIZADO PARA LIBROS [R]
Número Internacional Normalizado del libro [NR] 9781107190030
040 ## - FUENTE DE CATALOGACION [NR]
Agencia de catalogación original [NR] CO-BoUCM
Idioma de catalogación [NR] Español
Quien Cataloga Saul Niño (Modificó)
Quien Clasifica Doris Forero
041 ## - CODIGO DE IDIOMA [R]
Código de idioma para texto/pista de sonido o título separado [R] Inglés
082 ## - NUMERO DE CLASIFICACION DECIMAL DEWEY [R]
Número de la edición [NR] 20
Número de clasificación [R] 346.07
245 00 - MENCION DE TITULO [NR]
Título [NR] Reconceptualizing international investment law from the global south
Mención de responsabilidad, etc. [NR] Fabio Morosini, Michelle Ratton Sanchez Badin.
260 ## - PUBLICACION, DISTRIBUCION, ETC. (PIE DE IMPRENTA) [R]
Lugar de publicación, distribución, etc. [R] New York
Nombre del editor, distribuidor, etc. [R] Cambridge University Press
Fecha de publicación, distribución, etc. [R] 2017
263 ## - FECHA PROYECTADA DE PUBLICACION [NR]
Fecha proyectada de publicación [NR] 1712
300 ## - DESCRIPCION FISICA [R]
Extensión [R] 305 páginas
650 #7 - ASIENTO SECUNDARIO DE MATERIA - TERMINO TEMATICO [R]
Término temático o nombre geográfico como elemento de entrada [NR] Inversiones extranjeras
9 (RLIN) 17957
Subdivisión general [R] Derecho internacional
650 #7 - ASIENTO SECUNDARIO DE MATERIA - TERMINO TEMATICO [R]
Término temático o nombre geográfico como elemento de entrada [NR] Leyes y legislación
Subdivisión general [R] Países en desarrollo
9 (RLIN) 7785
650 #7 - ASIENTO SECUNDARIO DE MATERIA - TERMINO TEMATICO [R]
Término temático o nombre geográfico como elemento de entrada [NR] Reforma
9 (RLIN) 23274
Subdivisión general [R] Regulación de inversiones
700 1# - ASIENTO SECUNDARIO - NOMBRE PERSONAL [R]
Nombre personal [NR] Morosini, Fabio
9 (RLIN) 94403
700 1# - ASIENTO SECUNDARIO - NOMBRE PERSONAL [R]
Nombre personal [NR] Sanchez, Michelle Ratton
9 (RLIN) 94404
942 ## - ELEMENTOS DE ENTRADA AGREGADOS (KOHA)
Sistema de clasificación DEWEY
Tema principal Ciencia política
Tipo de ítem principal el descrito en 300a Libro de reserva
Edición 1
Clasificación 346.07
Parte restante de la signatura top. M869
Existencias
Suprimido Perdido Sistema de clasificación Dañado No prestable Tipo de ítem específico Ubicación habitual Ubicación actual Localización Fecha de creación Proveedor Forma de adquisición Costo Signatura topográfica Código de barras Última vez visto Ejemplar Costo de reposición Price effective from Tipo de ítem
    DEWEY     Libro Bodega Bodega 3er piso 01/11/2018 15 Compra 313789.00 346.07 M869 100158298 08/06/2024 Ej.1 313789.00 01/11/2018 Libro